000
00283nam a22001097a 4500
008
230704b xxu||||| |||| 00| 0 eng d
082
_a
341.4
_b
UN
100
_c
UN
245
_a
Compendium of International Conventions Concerning the Status of Women
300
_a
185p
942
_2
ddc
_c
BK
999
_c
3754
_d
3754